Normal view
MARC view
- Haddad, Youssef A.
Entry Personal Name
001 - CONTROL NUMBER
- control field: 52731
003 - CONTROL NUMBER IDENTIFIER
- control field: OSt
005 - DATE AND TIME OF LATEST TRANSACTION
- control field: 20240220101708.0
008 - FIXED-LENGTH DATA ELEMENTS
- fixed length control field: 240220|| aca||aabn | a|a d
040 ## - CATALOGING SOURCE
- Original cataloging agency: OSt
- Transcribing agency: OSt
100 ## - HEADING--PERSONAL NAME
- Personal name: Haddad, Youssef A.
670 ## - SOURCE DATA FOUND
- Source citation: Work cat.: (OSt): Haddad, Youssef A., Introduction to Arabic linguistics / , ©2023.
